| Tag |
First Indicator |
Second Indicator |
Subfields |
| LEADER |
00000cam a22000001a 4500 |
| 001 |
in00002801351 |
| 005 |
20190331175911.0 |
| 006 |
m o d |
| 007 |
cr bn mmmapmmp |
| 008 |
091223q1uuu dcu o f000 0 eng d |
| 035 |
|
|
|a cis2004325204
|
| 040 |
|
|
|a UMI
|c UMI
|d UtOrBLW
|
| 043 |
|
|
|a n-us---
|
| 099 |
|
|
|a ProQuest Serial Set Number 25 S.Jnl.
|
| 245 |
0 |
0 |
|a Journal of the Senate of the United States of America, being the first session of the Sixteenth Congress, begun and held in the City of Washington, December 6, 1819, and in the forty-fourth year of the sovereignty of the said United States.
|
| 246 |
1 |
|
|a Senate Journal, 16th Congress, 1st session
|
| 264 |
|
1 |
|a Washington :
|b [publisher not identified],
|c 1???
|
| 300 |
|
|
|a 1 online resource.
|
| 336 |
|
|
|a text
|b txt
|2 rdacontent
|
| 337 |
|
|
|a computer
|b c
|2 rdamedia
|
| 338 |
|
|
|a online resource
|b cr
|2 rdacarrier
|
| 490 |
0 |
|
|a S.Jnl.16-1
|
| 500 |
|
|
|a Record is based on bibliographic data in ProQuest U.S. Serial Set Digital Collection (last viewed Dec. 2009). Reuse except for individual research requires license from ProQuest, LLC.
|
| 510 |
3 |
|
|a ProQuest U.S. Serial Set Digital Collection
|
| 500 |
|
|
|a Electronic resource.
|
| 610 |
1 |
0 |
|a United States.
|b Congress.
|b Senate.
|
| 610 |
1 |
0 |
|a United States.
|b Congress
|x Officials and employees.
|
| 650 |
|
0 |
|a Government publications.
|
| 655 |
|
7 |
|a Electronic books.
|2 local
|
| 710 |
2 |
|
|a ProQuest (Firm)
|
| 830 |
|
0 |
|a United States congressional serial set.
|
| 856 |
4 |
0 |
|u http://proxy.library.tamu.edu/login?url=http://congressional.proquest.com/congcomp/getdoc?SERIAL-SET-ID=25+S.Jnl.16-1
|z Connect to the full text of this electronic book
|t 0
|
| 999 |
|
|
|a MARS
|
| 999 |
f |
f |
|s 4b5536f4-ea84-3a56-a9da-a28fde3b3e2f
|i c4a0fa3b-4afa-31f8-9e58-2278b92d4032
|t 0
|
| 952 |
f |
f |
|a Texas A&M University
|b College Station
|c Electronic Resources
|d Available Online
|t 0
|e ProQuest Serial Set Number 25 S.Jnl.
|h Other scheme
|
| 998 |
f |
f |
|a ProQuest Serial Set Number 25 S.Jnl.
|t 0
|l Available Online
|